00330nam a22001217a 4500020001800000041000800018082001500026100003000041245008300071260002300154300000800177650002300185 a9788184656541 aENG a220.6bJOS aJoseph P V ; Simon Samuel aBible, mission, and theology : a festschrift in honor of Rev. Dr. Simon Samuel aDelhibISPCKc2018 a248 aMissionsaTheology